Human dignity and national identity : (Record no. 1177)

MARC details
000 -LEADER
fixed length control field 00782nam a2200265 a 4500
001 - CONTROL NUMBER
control field 546618
003 - CONTROL NUMBER IDENTIFIER
control field OSt
005 - DATE AND TIME OF LATEST TRANSACTION
control field 20230619094722.0
008 - FIXED-LENGTH DATA ELEMENTS--GENERAL INFORMATION
fixed length control field 880527s1987 ke 000 0 eng
010 ## - LIBRARY OF CONGRESS CONTROL NUMBER
LC control number 87981438
020 ## - INTERNATIONAL STANDARD BOOK NUMBER
International Standard Book Number 9966858059 :
040 ## - CATALOGING SOURCE
Original cataloging agency DLC
Transcribing agency DLC
Modifying agency DLC
043 ## - GEOGRAPHIC AREA CODE
Geographic area code f-ke---
082 00 - DEWEY DECIMAL CLASSIFICATION NUMBER
Classification number 170
Item number MUR
100 1# - MAIN ENTRY--PERSONAL NAME
Personal name Njoya, Timothy Murere,
Dates associated with a name 1941-
245 10 - TITLE STATEMENT
Title Human dignity and national identity :
Remainder of title essential for social ethnics /
Statement of responsibility, etc. Timothy Murere Njoya.
260 ## - PUBLICATION, DISTRIBUTION, ETC. (IMPRINT)
Place of publication, distribution, etc. Nairobi :
Name of publisher, distributor, etc. Jemisik Cultural Books,
Date of publication, distribution, etc. 1987.
300 ## - PHYSICAL DESCRIPTION
Extent v, 217 p. ;
Dimensions 21 cm.
650 #0 - SUBJECT ADDED ENTRY--TOPICAL TERM
Topical term or geographic name as entry element Dignity.
650 #0 - SUBJECT ADDED ENTRY--TOPICAL TERM
Topical term or geographic name as entry element Nationalism
Geographic subdivision Kenya.
650 #0 - SUBJECT ADDED ENTRY--TOPICAL TERM
Topical term or geographic name as entry element Social ethics.
906 ## - LOCAL DATA ELEMENT F, LDF (RLIN)
a 7
b cbc
c orignew
d 3
e ncip
f 19
g y-gencatlg
942 ## - ADDED ENTRY ELEMENTS (KOHA)
Source of classification or shelving scheme Dewey Decimal Classification
Koha item type Books
Holdings
Withdrawn status Lost status Source of classification or shelving scheme Damaged status Not for loan Home library Current library Date acquired Total Checkouts Full call number Barcode Date last seen Price effective from Koha item type
    Dewey Decimal Classification     County Hall Archives County Hall Archives 06/19/2023   170 MUR 10000918 06/19/2023 06/19/2023 Books
    Dewey Decimal Classification     County Hall Archives County Hall Archives 06/19/2023   170 MUR 10000915 06/19/2023 06/19/2023 Books
LIBRARY OPENING HOURS

When the Parliament is sitting: 8.00a.m - 7.00p.m or until the house adjourns
Mondays and Fridays and when the House is on Recess:  8.00a.m - 5.00p.m
Closed on Weekends and Public Holidays

Online Public Access Catalog (OPAC)
Website: http://www.parliament.go.ke
Bunge Library: https://libraryir.parliament.go.ke
Contact: library@parliament.go.ke | Tel no: (254-2)2221291 or 2848000 Ext 5043